Field guide to the birds of North America (Registro nro. 784)
[ vista simple ]
| 000 -CABECERA | |
|---|---|
| Campo de control | 00985nam a2200277 i 4500 |
| 005 - FECHA Y HORA DE LA ULTIMA TRANSACCION | |
| Campo de control | 20160117045201.0 |
| 008 - ELEMENTOS DE LONGITUD FIJA—INFORMACION GENERAL | |
| Campo de control | 140224b1995 -Us||||| |||| 00| 0 eng d |
| 040 ## - FUENTE DE CATALOGACIÓN | |
| Agencia catalogadora original | CO-BoIAVH |
| Agencia transcriptora | CO-BoIAVH |
| 041 ## - IDIOMA | |
| Código de idioma para texto/pista de sonido o título separado | Inglés |
| 044 ## - PAÍS DE PUBLICACIÓN | |
| País de publicación | Estados Unidos |
| 082 04 - NUMERO DE CLASIFICACION DECIMAL DEWEY | |
| Número de clasificación | 598.097 |
| Número del ítem | F45f2 |
| 245 00 - MENCION DE TITULO | |
| Título | Field guide to the birds of North America |
| 246 ## - FORMA VARIANTE DEL TITULO | |
| Título propiamente dicho/forma breve del título | Birds of North America |
| 250 ## - MENCION DE EDICION | |
| Mención de edición | Segunda edición. |
| 260 ## - PUBLICACION, DISTRIBUCION, ETC. (PIE DE IMPRENTA) | |
| Lugar de publicación, distribución, etc. | Washington |
| Nombre del editor, distribuidor, etc. | National Geographic |
| Fecha de publicación, distribución, etc. | 1987 |
| 300 ## - DESCRIPCION FISICA | |
| Extensión | 464 páginas : |
| Otros detalles físicos | ilustraciones y mapas a color ; |
| Dimensiones | 20 cm. |
| 500 ## - NOTA GENERAL | |
| Nota general | Incluye índice. |
| 650 14 - ASIENTO SECUNDARIO DE MATERIA - TERMINO TEMATICO | |
| Término temático o nombre geográfico como elemento de entrada | Aves |
| Subdivisión general | Identificación |
| Subdivisión geográfica | América del Norte |
| Subdivisión de forma | Guías. |
| 9 (RLIN) | 51947 |
| 650 24 - ASIENTO SECUNDARIO DE MATERIA - TERMINO TEMATICO | |
| Término temático o nombre geográfico como elemento de entrada | Aves |
| Subdivisión general | Distribución geográfica |
| Subdivisión geográfica | América del Norte |
| Subdivisión de forma | Guías. |
| 9 (RLIN) | 51948 |
| 650 24 - ASIENTO SECUNDARIO DE MATERIA - TERMINO TEMATICO | |
| Término temático o nombre geográfico como elemento de entrada | Aves |
| Subdivisión general | Hábitos y conducta |
| Subdivisión geográfica | América del Norte |
| Subdivisión de forma | Guías. |
| 9 (RLIN) | 51949 |
| 650 24 - ASIENTO SECUNDARIO DE MATERIA - TERMINO TEMATICO | |
| Término temático o nombre geográfico como elemento de entrada | Historia natural |
| Subdivisión de forma | Guías. |
| 9 (RLIN) | 51950 |
| 650 24 - ASIENTO SECUNDARIO DE MATERIA - TERMINO TEMATICO | |
| Término temático o nombre geográfico como elemento de entrada | Ornitología |
| 9 (RLIN) | 51951 |
| 700 ## - ASIENTO SECUNDARIO - NOMBRE PERSONAL | |
| Nombre personal | Scott, Shirley L., |
| Término de relación | editor. |
| 9 (RLIN) | 51952 |
| 710 2# - ASIENTO SECUNDARIO - NOMBRE CORPORATIVO | |
| Nombre corporativo o de jurisdicción como elemento de entrada | National Geographic Society |
| 9 (RLIN) | 9165 |
| 942 ## - ELEMENTOS ADICIONALES (KOHA) | |
| Tipo de ítem | Libro |
| Sistema de clasificación | Dewey Decimal Classification |
| Withdrawn status | Lost status | Sistema de Clasificación | Damaged status | No para préstamo | Colección | Inventariado | Ubicación Permanente | Ubicación actual | Fecha de adquisición | Fuente de Valor | Total Checkouts | Número topográfico | Inventario / Código de Barras | Date last seen | Ejemplar | Price effective from | Forma de adquisición | Tipo de material |
|---|---|---|---|---|---|---|---|---|---|---|---|---|---|---|---|---|---|---|
| Dewey Decimal Classification | General | Inventariado 2017 | Bogotá | Bogotá | 04/12/2012 | Amazon | LB-598.097 F45f2 | 015815 | 10/04/2015 | Ej. 1 | 04/12/2012 | Libro |